[Event "SWE-chT 9900"]
[Site "Sweden"]
[Date "1999.??.??"]
[Round "3"]
[White "Nordstrom, Felix"]
[Black "Matros, Alexander"]
[Result "1/2-1/2"]
[WhiteElo "2178"]
[BlackElo "2391"]
[PlyCount "114"]
[EventDate "1999.11.??"]
[Source "www.chesslib.no"]
[SourceDate "2004.05.04"]

1. d4 d5 2. c4 e6 3. Nc3 Nf6 4. Bg5 c5 5. cxd5 cxd4 6. Qxd4 Be7 7. e4 Nc6 8. Qe3 Nxd5 9. exd5 Bxg5 10. f4 Nb4 11. O-O-O Be7 12. dxe6 Qc7 13. exf7+ Kxf7 14. Nf3 Nxa2+ 15. Kb1 Nxc3+ 16. Qxc3 Bf5+ 17. Bd3 Qxc3 18. bxc3 Bxd3+ 19. Rxd3 Rhd8 20. Ne5+ Kf8 21. Nd7+ Ke8 22. Rhd1 Rac8 23. Kc2 Rc4 24. g3 Re4 25. R1d2 Rc8 26. Kb3 Rc7 27. h4 h5 28. Ne5 Bf6 29. Nf3 Ke7 30. Nd4 Rc5 31. Re2 Rxe2 32. Nxe2 Rc6 33. Rd5 Re6 34. Nd4 Bxd4 35. Rxd4 Re3 36. Rd5 Rxg3 37. Rxh5 Rg4 38. Rh8 Rxf4 39. Rb8 b6 40. Rb7+ Kf8 41. Rxa7 Rxh4 42. Rb7 Rh6 43. Kc4 Rd6 44. Kb5 g5 45. c4 g4 46. c5 bxc5 47. Kxc5 Rd3 48. Kc4 Rd1 49. Rb3 Ra1 50. Kd4 Kf7 51. Ke4 Kg6 52. Kf4 Kh5 53. Kg3 Rg1+ 54. Kh2 Rf1 55. Kg2 Rf5 56. Kg3 Kg5 57. Ra3 Rd5 1/2-1/2

[Event "CZE Moravia Ch"]
[Site "Prerov"]
[Date "1995.??.??"]
[Round "9"]
[White "Michenka, Jozef"]
[Black "Staszko, Martin"]
[Result "1-0"]
[WhiteElo "2360"]
[BlackElo "2205"]
[PlyCount "37"]
[EventDate "1995.??.??"]
[Source "www.chesslib.no"]
[SourceDate "2004.05.04"]

1. d4 d5 2. c4 e6 3. Nc3 Nf6 4. Bg5 c5 5. cxd5 cxd4 6. Qxd4 Be7 7. e4 Nc6 8. Qd2 Nxd5 9. exd5 Bxg5 10. f4 Bh4+ 11. g3 exd5 12. gxh4 d4 13. Ne4 Bf5 14. Ng3 Be6 15. Nf3 O-O 16. Be2 Qb6 17. Bd3 Rac8 18. O-O Nb4 19. Ng5 1-0

[Event "Budapest FS12 IM-B"]
[Site "Budapest HUN"]
[Date "1993.??.??"]
[Round "2"]
[White "Pesztericz, Laszlo"]
[Black "Kennaugh, Charles"]
[Result "0-1"]
[WhiteElo "2280"]
[BlackElo "2280"]
[PlyCount "64"]
[EventDate "1993.12.??"]
[Source "www.chesslib.no"]
[SourceDate "2004.05.04"]

1. d4 d5 2. c4 e6 3. Nc3 Nf6 4. Bg5 c5 5. cxd5 cxd4 6. Qa4+ Nbd7 7. Qxd4 Bc5 8. Qd2 Qb6 9. e3 Nxd5 10. Nxd5 exd5 11. O-O-O O-O 12. Nf3 Nf6 13. Bxf6 Qxf6 14. Bd3 Bg4 15. Kb1 Rac8 16. Qe2 Rfd8 17. h3 Bxf3 18. gxf3 d4 19. e4 Bd6 20. Rc1 Bf4 21. Rc2 Qd6 22. Re1 Rxc2 23. Qxc2 Qe6 24. Qc5 Qxh3 25. e5 Qxf3 26. Qc2 g6 27. e6 fxe6 28. Bxg6 d3 29. Qc4 Rd6 30. Bf5 d2 31. Bxe6+ Kg7 32. Rg1+ Kh6 0-1

[Event "Polanica Zdroj Open"]
[Site "Polanica Zdroj POL"]
[Date "1992.??.??"]
[Round "6"]
[White "Volosin, Vladimir"]
[Black "Graf, Gerd"]
[Result "0-1"]
[WhiteElo "2320"]
[BlackElo "2240"]
[PlyCount "86"]
[EventDate "1992.??.??"]
[Source "www.chesslib.no"]
[SourceDate "2004.05.04"]

1. d4 d5 2. c4 e6 3. Nc3 Nf6 4. Bg5 c5 5. cxd5 cxd4 6. Qxd4 Be7 7. Rd1 exd5 8. Nf3 O-O 9. g3 Nc6 10. Qd3 Qb6 11. Qb5 Qxb5 12. Nxb5 Bf5 13. Bg2 h6 14. Bf4 Rfd8 15. O-O a6 16. Nbd4 Nxd4 17. Nxd4 Be4 18. Bh3 Bd6 19. Bxd6 Rxd6 20. Rc1 Ne8 21. Rc5 Kf8 22. Rfc1 Ke7 23. Nf5+ Bxf5 24. Bxf5 g6 25. Bd3 Rad8 26. Kg2 Ng7 27. Rc7+ R6d7 28. f4 Kd6 29. Rxd7+ Kxd7 30. Kf2 Re8 31. a4 Nh5 32. b4 Nf6 33. Kf3 Ne4 34. b5 a5 35. b6 Nd2+ 36. Kg4 Kd6 37. Rc7 Re7 38. Rxe7 Kxe7 39. f5 Kf6 40. fxg6 fxg6 41. Kf4 Nb3 42. Ke3 g5 43. Bc2 Nc1 0-1

[Event "Oberliga Bayern 9394"]
[Site "Bayern"]
[Date "1993.??.??"]
[Round "?"]
[White "Luft, Andreas"]
[Black "Wimmer, Herbert"]
[Result "1-0"]
[WhiteElo "2285"]
[BlackElo "2270"]
[PlyCount "41"]
[EventDate "1993.10.??"]
[Source "www.chesslib.no"]
[SourceDate "2004.05.04"]

1. d4 d5 2. c4 e6 3. Nc3 Nf6 4. Bg5 c5 5. cxd5 cxd4 6. Qxd4 Be7 7. e4 Nc6 8. Qe3 Nxd5 9. exd5 Bxg5 10. f4 Nb4 11. O-O-O Bf6 12. Bb5+ Bd7 13. dxe6 Nxa2+ 14. Kc2 Bxb5 15. Rxd8+ Rxd8 16. Nxb5 Nb4+ 17. Kc1 O-O 18. Nf3 Rd3 19. Qe4 Rb3 20. exf7+ Rxf7 21. Qe8+ 1-0

[Event "Bundesliga 8687"]
[Site "Germany"]
[Date "1987.??.??"]
[Round "?"]
[White "Kurz, Alexander"]
[Black "Weidemann, Joerg"]
[Result "1/2-1/2"]
[WhiteElo "2290"]
[BlackElo "2265"]
[PlyCount "60"]
[EventDate "1986.10.??"]
[Source "ChessBase"]
[SourceDate "1999.07.01"]

1. d4 d5 2. c4 e6 3. Nc3 Nf6 4. Bg5 c5 5. cxd5 cxd4 6. Qxd4 Be7 7. e4 Nc6 8. Qd2 Nxd5 9. exd5 Bxg5 10. f4 Bh4+ 11. g3 exd5 12. gxh4 Qxh4+ 13. Qf2 Qe7+ 14. Qe2 Be6 15. Nf3 d4 16. Ne4 O-O-O 17. Kf2 Rhe8 18. Neg5 Qc5 19. Qb5 Qc2+ 20. Kg3 Rd5 21. Bd3 Rxb5 22. Bxc2 Rxb2 23. Nxe6 Rxc2 24. Nexd4 Nxd4 25. Nxd4 Re3+ 26. Kg4 Rg2+ 27. Kf5 Rg6 28. Rae1 Rf6+ 29. Kg4 Rg6+ 30. Kf5 Rf6+ 1/2-1/2

[Event "BL2-O 9596"]
[Site "GER"]
[Date "1996.??.??"]
[Round "?"]
[White "Legde, Georg"]
[Black "Wernert, Wilfrid"]
[Result "1-0"]
[WhiteElo "2235"]
[BlackElo "2300"]
[PlyCount "63"]
[EventDate "1995.10.??"]
[Source "www.chesslib.no"]
[SourceDate "2004.05.04"]

1. d4 Nf6 2. c4 e6 3. Nc3 d5 4. Bg5 c5 5. cxd5 Qb6 6. Bxf6 Qxb2 7. Qc1 Qxc1+ 8. Rxc1 gxf6 9. Nf3 cxd4 10. Nxd4 Bb4 11. e3 exd5 12. Bb5+ Ke7 13. O-O Rd8 14. Nxd5+ Rxd5 15. Rxc8 Ba5 16. Re8+ Kd6 17. Rd1 Kc7 18. Rc1+ Kb6 19. Rcc8 a6 20. Bd3 Ka7 21. Bxh7 Bb6 22. h4 Bxd4 23. exd4 Rxd4 24. g3 Rd5 25. Be4 Rd1+ 26. Kg2 Re1 27. h5 f5 28. Bxf5 Rxe8 29. Rxe8 Nc6 30. Rxa8+ Kxa8 31. h6 Ne7 32. h7 1-0

[Event "Regensburg op"]
[Site "Regensburg"]
[Date "1997.??.??"]
[Round "6"]
[White "Niklasch, Oliver"]
[Black "Keller, Manfred"]
[Result "1-0"]
[WhiteElo "2335"]
[BlackElo "2195"]
[PlyCount "101"]
[EventDate "1997.??.??"]
[Source "www.chesslib.no"]
[SourceDate "2004.05.04"]

1. c4 e6 2. Nc3 d5 3. d4 Nf6 4. Bg5 c5 5. cxd5 cxd4 6. Qxd4 Be7 7. Nf3 exd5 8. Rd1 Nc6 9. Qd3 O-O 10. e3 Be6 11. Be2 Qb6 12. O-O Rfd8 13. Qb5 Ne4 14. Bxe7 Nxe7 15. Rc1 Rac8 16. Qxb6 axb6 17. Na4 Ra8 18. b3 Nc6 19. Bb5 Rd6 20. Nxb6 Rxa2 21. Ra1 Rxa1 22. Rxa1 g6 23. Na4 Kg7 24. Rc1 Na5 25. b4 Nc4 26. Nc5 Nxc5 27. bxc5 Rd8 28. Nd4 Rc8 29. Nb3 Bf5 30. h4 Na3 31. Nd4 Nc4 32. c6 bxc6 33. Bxc4 dxc4 34. Rxc4 Bd7 35. e4 h5 36. e5 Kf8 37. Kh2 Ke7 38. Kg3 f6 39. f4 Be8 40. Rc5 f5 41. Kf2 Kd7 42. Ra5 Rc7 43. Nb3 Bf7 44. Nc5+ Ke7 45. Ra8 Be8 46. Ke3 Bf7 47. Kd4 Bd5 48. g3 Kf7 49. Kc3 Ke7 50. Rh8 Bf7 51. Rh7 1-0

[Event "Tatry op"]
[Site "Tatranska Lomnica"]
[Date "1998.??.??"]
[Round "2"]
[White "Skreno, Vladimir"]
[Black "Bazant, P."]
[Result "1/2-1/2"]
[WhiteElo "2165"]
[BlackElo "2360"]
[PlyCount "32"]
[EventDate "1998.??.??"]
[Source "www.chesslib.no"]
[SourceDate "2004.05.04"]

1. d4 d5 2. c4 e6 3. Nc3 Nf6 4. Bg5 c5 5. Nf3 cxd4 6. Nxd4 Be7 7. e3 O-O 8. cxd5 exd5 9. Bd3 Nc6 10. O-O Nxd4 11. exd4 Be6 12. Re1 h6 13. Bh4 Rc8 14. a3 Rc6 15. Rc1 Qa5 16. Qa4 Qxa4 1/2-1/2

[Event "NRW Ch U20"]
[Site "Muenster GER"]
[Date "1993.??.??"]
[Round "3"]
[White "Scholz, Christian"]
[Black "Wolf, Andre"]
[Result "0-1"]
[WhiteElo "2240"]
[BlackElo "2285"]
[PlyCount "90"]
[EventDate "1993.??.??"]
[Source "www.chesslib.no"]
[SourceDate "2004.05.04"]

1. d4 d5 2. c4 e6 3. Nc3 Nf6 4. Bg5 c5 5. cxd5 Qb6 6. Bxf6 Qxb2 7. Qc1 Qxc1+ 8. Rxc1 gxf6 9. dxe6 fxe6 10. Ne4 Nd7 11. dxc5 f5 12. Nd6+ Ke7 13. g3 Nxc5 14. Nc4 Bd7 15. Bg2 Rc8 16. Nf3 Bc6 17. O-O Bg7 18. Nfd2 Bxg2 19. Kxg2 Rhd8 20. Rc2 Na4 21. Rfc1 Nc3 22. Na5 b6 23. Nab3 Rc7 24. e4 fxe4 25. Nxe4 Rdc8 26. Ng5 h6 27. Nf3 Rc4 28. Nfd2 R4c7 29. f4 Kd7 30. Kf3 a5 31. Ne4 a4 32. Rd2+ Ke7 33. Nd4 Nxe4 34. Rxc7+ Rxc7 35. Kxe4 Rc4 36. g4 b5 37. Ke3 b4 38. Nb5 Rc5 39. Nd4 Rc4 40. Nb5 b3 41. axb3 axb3 42. Rd1 b2 43. Kd2 Rxf4 44. h3 Rf3 45. h4 Rb3 0-1

[Event "AUT-chT2W 9596"]
[Site "Austria"]
[Date "1995.??.??"]
[Round "?"]
[White "Spiegel, Wilfried"]
[Black "Opl, Klaus"]
[Result "0-1"]
[WhiteElo "2200"]
[BlackElo "2315"]
[PlyCount "96"]
[EventDate "1995.??.??"]
[Source "www.chesslib.no"]
[SourceDate "2004.05.04"]

1. d4 d5 2. c4 e6 3. Nc3 Nf6 4. Bg5 c5 5. cxd5 Qb6 6. Bxf6 gxf6 7. e3 Qxb2 8. Qc1 Qxc1+ 9. Rxc1 cxd4 10. exd4 Bb4 11. Bc4 Rg8 12. Kf1 Ke7 13. Nge2 a6 14. a4 Nd7 15. f3 e5 16. Kf2 Nb6 17. Bb3 Bd7 18. d6+ Kxd6 19. dxe5+ fxe5 20. Rhd1+ Ke7 21. Nd5+ Nxd5 22. Rxd5 Be6 23. Rc7+ Kf6 24. Rd3 Rab8 25. Ng3 Ba5 26. Ne4+ Kg7 27. Rc2 Bxb3 28. Rxb3 b5 29. axb5 Rxb5 30. Rd3 Rd8 31. Nd6 Kg6 32. Ke2 Rb1 33. Rc6 Rb2+ 34. Kf1 Rb6 35. Rxb6 Bxb6 36. Ke2 Bd4 37. Nc4 Rc8 38. Nd6 Rc6 39. Ne4 f5 40. Ng3 a5 41. Kd1 a4 42. Ra3 Rc4 43. Ne2 Bb2 44. Rd3 Rc6 45. Rd8 Ra6 46. Kc2 a3 47. Rd1 h5 48. g3 Rb6 0-1

[Event "Budapest FS06 IM"]
[Site "Budapest HUN"]
[Date "1993.??.??"]
[Round "11"]
[White "Hedman, Erik"]
[Black "Hjelm, Niclas"]
[Result "0-1"]
[WhiteElo "2225"]
[BlackElo "2255"]
[PlyCount "316"]
[EventDate "1993.06.??"]
[Source "www.chesslib.no"]
[SourceDate "2004.05.04"]

1. d4 d5 2. c4 e6 3. Nc3 Nf6 4. Bg5 c5 5. cxd5 cxd4 6. Qxd4 Be7 7. e4 Nc6 8. Qd2 exd5 9. exd5 Nxd5 10. Nxd5 Bxg5 11. f4 Bf6 12. Nf3 O-O 13. Bc4 Be6 14. O-O Bxd5 15. Bxd5 Nd4 16. Nxd4 Qxd5 17. Nf3 Qxd2 18. Nxd2 Bxb2 19. Rad1 Rfd8 20. Nb3 b6 21. Rfe1 Kf8 22. f5 Rac8 23. Rxd8+ Rxd8 24. Re2 Bc3 25. Kf2 g6 26. fxg6 hxg6 27. Re4 Rc8 28. Kf3 f6 29. Re2 Be5 30. g3 Kf7 31. Rd2 Ke6 32. Nd4+ Bxd4 33. Rxd4 Rc3+ 34. Ke4 Ra3 35. Rd2 b5 36. Rf2 Ra4+ 37. Kd3 Rc4 38. Rb2 a6 39. Rb3 Ra4 40. a3 Rc4 41. h3 Ke5 42. Rb1 f5 43. Re1+ Kd5 44. Re3 Rc1 45. Kd2 Rc4 46. Re8 Ra4 47. Rd8+ Ke5 48. Re8+ Kf6 49. Re3 g5 50. Rd3 Ke5 51. Rc3 Rc4 52. Re3+ Kd5 53. Re8 Ra4 54. Re3 Re4 55. Rf3 Ke5 56. Rc3 Rc4 57. Re3+ Kf6 58. Rd3 Ra4 59. Rc3 Kf7 60. Rc7+ Ke6 61. Rc3 Kf6 62. Rd3 Kg6 63. Ke2 Kh5 64. Kf2 f4 65. Kf3 fxg3 66. Kxg3 Kg6 67. Kf3 Kf5 68. Rd5+ Kf6 69. Rd6+ Ke5 70. Rd3 Rd4 71. Re3+ Kd5 72. Ke2 Kd6 73. Rg3 Ra4 74. Kd2 Ke6 75. Ke2 Kf5 76. Kf2 Kg6 77. Rd3 Kh5 78. Kg2 Rc4 79. Re3 Rc2+ 80. Kg3 Rb2 81. Rc3 Rd2 82. Re3 Rd6 83. Kg2 Rb6 84. Kg3 Rc6 85. Rd3 Rc5 86. Re3 a5 87. Rd3 b4 88. axb4 axb4 89. Rd4 Rb5 90. Rd2 b3 91. Rb2 Rb4 92. Kf3 Kg6 93. Ke3 Rh4 94. Rh2 g4 95. Rg2 Rxh3+ 96. Kf4 Kh5 97. Ke4 Rf3 98. Rh2+ Kg5 99. Rg2 Kh4 100. Rh2+ Kg3 101. Rd2 Kh3 102. Rb2 Kh4 103. Rh2+ Kg5 104. Rb2 Rc3 105. Kd4 Rh3 106. Ke4 Rf3 107. Rd2 Kg6 108. Rd6+ Kf7 109. Rd5 Rf2 110. Ke3 b2 111. Rb5 g3 112. Rb6 Ke7 113. Rb3 Rc2 114. Kd3 g2 115. Kxc2 g1=Q 116. Kxb2 Kd6 117. Rc3 Kd5 118. Rd3+ Ke4 119. Kc2 Qf2+ 120. Rd2 Qc5+ 121. Kd1 Qc4 122. Re2+ Kf3 123. Re1 Qd3+ 124. Kc1 Qc3+ 125. Kd1 Qa1+ 126. Kd2 Qb2+ 127. Kd3 Qb3+ 128. Kd2 Kf4 129. Rf1+ Ke4 130. Re1+ Kd4 131. Re2 Qc3+ 132. Kd1 Qb3+ 133. Kd2 Qa2+ 134. Ke1 Qb1+ 135. Kd2 Kc4 136. Ke3 Qf5 137. Kd2 Qf4+ 138. Kc2 Qf3 139. Kd2 Qc3+ 140. Kd1 Qa1+ 141. Kd2 Qa2+ 142. Ke3 Qa7+ 143. Ke4 Qe7+ 144. Kf3 Qf6+ 145. Ke3 Qf5 146. Rf2 Qh3+ 147. Rf3 Qh6+ 148. Rf4+ Kd5 149. Kf3 Qh3+ 150. Kf2 Ke5 151. Rf3 Qh2+ 152. Ke3 Qg1+ 153. Ke2 Ke4 154. Rf2 Qg4+ 155. Kd2 Qd7+ 156. Kc2 Qd3+ 157. Kc1 Qe3+ 158. Rd2 Qc3+ 0-1

[Event "PER-ch"]
[Site "Lima"]
[Date "1999.03.03"]
[Round "8"]
[White "Galvan, Jesus"]
[Black "Aguilar, Juan"]
[Result "1/2-1/2"]
[WhiteElo "2171"]
[BlackElo "2305"]
[PlyCount "40"]
[EventDate "1999.02.??"]
[Source "www.chesslib.no"]
[SourceDate "2004.05.04"]

1. d4 Nf6 2. c4 e6 3. Nc3 d5 4. Bg5 c5 5. cxd5 cxd4 6. Qxd4 Be7 7. e4 Nc6 8. Bb5 O-O 9. Qd2 Nxe4 10. Nxe4 exd5 11. Bxc6 bxc6 12. O-O-O f6 13. Be3 dxe4 14. Qc3 Qc7 15. Qc4+ Kh8 16. Qxe4 f5 17. Qc4 f4 18. Bd4 Bf5 19. Nf3 Bf6 20. Rhe1 Bg4 1/2-1/2

[Event "BL2-S 8889"]
[Site "GER"]
[Date "1989.??.??"]
[Round "?"]
[White "Mertins, Klaus"]
[Black "Link, Ulrich"]
[Result "1-0"]
[WhiteElo "2230"]
[BlackElo "2235"]
[PlyCount "109"]
[EventDate "1988.10.??"]
[Source "www.chesslib.no"]
[SourceDate "2004.05.04"]

1. d4 d5 2. c4 e6 3. Nc3 Nf6 4. Bg5 c5 5. cxd5 cxd4 6. Qxd4 Be7 7. Nf3 exd5 8. e3 Nc6 9. Bb5 O-O 10. Qa4 Be6 11. Bxc6 bxc6 12. Nd4 c5 13. Nc6 Qd7 14. Nxe7+ Qxe7 15. Qh4 Rab8 16. O-O Rxb2 17. e4 h6 18. Bxf6 Qxf6 19. Qxf6 gxf6 20. exd5 Bf5 21. Rfc1 Rfb8 22. Nd1 Rc2 23. Ne3 Rxc1+ 24. Rxc1 Rb1 25. Rxb1 Bxb1 26. d6 Kf8 27. Nd5 Ke8 28. Nxf6+ Kd8 29. a3 Kc8 30. Kf1 Kb7 31. Ke2 Bf5 32. g4 Be6 33. h4 Kc6 34. g5 hxg5 35. h5 Kxd6 36. h6 Bf5 37. h7 Bxh7 38. Nxh7 g4 39. Nf6 Ke5 40. Nxg4+ Kd4 41. Kd2 f5 42. Ne3 Ke4 43. Nd1 Kf3 44. Ke1 Ke4 45. Ke2 Kd4 46. Kd2 Ke4 47. Nc3+ Kf3 48. Ke1 a5 49. a4 f4 50. Kf1 c4 51. Ke1 Kg4 52. Ke2 Kf5 53. Kf3 Ke5 54. Ne2 Kd5 55. Kxf4 1-0

[Event "Wch Seniors"]
[Site "Bad Wildbad GER"]
[Date "1993.??.??"]
[Round "5"]
[White "Viner, Phillip J"]
[Black "Pantaleev, Dimitar"]
[Result "1/2-1/2"]
[WhiteElo "2210"]
[BlackElo "2250"]
[PlyCount "28"]
[EventDate "1993.11.??"]
[Source "www.chesslib.no"]
[SourceDate "2004.05.04"]

1. d4 Nf6 2. c4 e6 3. Nc3 d5 4. Bg5 c5 5. e3 cxd4 6. exd4 Be7 7. Nf3 Nc6 8. Rc1 h6 9. Bf4 dxc4 10. Bxc4 O-O 11. a3 Nd5 12. Bxd5 exd5 13. h3 Bg5 14. Nxg5 hxg5 1/2-1/2